| 000 | 01728cam a22004217a 4500 | ||
|---|---|---|---|
| 001 | 14590666 | ||
| 005 | 20230322161050.0 | ||
| 008 | 061011s2004 enka b 001 0 eng d | ||
| 010 | _a 2006284186 | ||
| 015 |
_aGBA463945 _2bnb |
||
| 016 | 7 |
_a012981848 _2Uk |
|
| 020 | _a0863413587 | ||
| 035 | _a(OCoLC)ocm56646289 | ||
| 040 |
_aUKM _beng _cUKM _dBWK _dOCL _dBAKER _dDLC |
||
| 042 |
_aukblsr _alccopycat |
||
| 050 | 0 | 0 |
_aTL3252 _b.T586 2004 |
| 082 | 0 | 4 |
_a629.1351 _222 |
| 082 | 0 | 4 |
_a629.132 _222 _bTIT |
| 100 | 1 |
_aTitterton, D. H. _q(David H.) _9111140 |
|
| 245 | 1 | 0 |
_aStrapdown inertial navigation technology / _cDavid H. Titterton and John L. Weston. |
| 250 | _a2nd ed. | ||
| 260 |
_aStevenage : _bInstitution of Electrical Engineers, _cc2004. |
||
| 300 |
_axvii, 558 p. : _bill. ; _c24 cm. |
||
| 440 | 0 |
_aIEE radar, sonar, navigation, and avionics series ; _v17 _997913 |
|
| 500 | _aCo-published by the American Institute of Aeronautics and Astronautics. | ||
| 500 | _aPrevious ed.: London: Peter Peregrinus, 1997. | ||
| 504 | _aIncludes bibliographical references and index. | ||
| 650 | 0 |
_aInertial navigation (Aeronautics) _9110557 |
|
| 650 | 0 |
_aInertial navigation systems. _924839 |
|
| 700 | 1 |
_aWeston, J. L. _q(John L.) _9111141 |
|
| 710 | 2 | _aInstitution of Electrical Engineers. | |
| 710 | 2 |
_aAmerican Institute of Aeronautics and Astronautics. _982742 |
|
| 856 | 4 | 2 |
_3Publisher description _uhttp://www.loc.gov/catdir/enhancements/fy0651/2006284186-d.html |
| 856 | 4 | 1 |
_3Table of contents only _uhttp://www.loc.gov/catdir/enhancements/fy0651/2006284186-t.html |
| 906 |
_a7 _bcbc _ccopycat _d2 _encip _f20 _gy-gencatlg |
||
| 942 |
_2ddc _cBK |
||
| 999 |
_c594120 _d594120 |
||